000 00470nam a22001817a 4500
003 MPLRDC
005 20220104164701.0
008 210129b ||||| |||| 00| 0 eng d
020 _a0-85685-941-9
082 _a805.138 PARR 1982
100 _aSARAH PARR
245 _aA PRACTICAL DICTIONARY OF HOUSEHOLD HINTS
_c
250 _a初版
260 _a
_bMARSHALL CAVENDISH BOOKS LTD
_c1982
300 _b
650 _a英语字典
942 _cBK
_o805.138 PARR 1982
999 _c57098
_d57088